NBA 2018-19 Players By Letter - F - Statistics

General Stats
  • This quiz has been taken 38 times
  • The average score is 4 of 14
Answer Stats
Player Pos Tm % Correct
De'Aaron Fox PG SAC
67%
Evan Fournier SG ORL
64%
Derrick Favors PF UTA
45%
Kenneth Faried PF HOU
45%
Markelle Fultz SG PHI
39%
Raymond Felton PG OKC
36%
Cristiano Felicio C CHI
30%
Dorian Finney-Smith SF DAL
30%
Terrance Ferguson SG OKC
27%
Tim Frazier PG NOP
18%
Melvin Frazier SG ORL
15%
Yogi Ferrell SG SAC
12%
Channing Frye C CLE
9%
Bryn Forbes PG SAS
6%
No matching quizzes found
Score Distribution
Percent of People with Each Score
Percentile by Number Answered
Your Score History
You have not taken this quiz